The ICE takes on the matter of dissatisfaction (Record no. 64972)

MARC details
000 -LEADER
fixed length control field 01705cam a2200241 4500
001 - CONTROL NUMBER
control field ABS63002
008 - FIXED-LENGTH DATA ELEMENTS--GENERAL INFORMATION
fixed length control field 000000n2000 000 0 eng u
035 ## - SYSTEM CONTROL NUMBER
System control number (Sirsi) u108825
100 ## - MAIN ENTRY--PERSONAL NAME
Personal name Brewer, G.
245 #4 - TITLE STATEMENT
Title The ICE takes on the matter of dissatisfaction
260 ## - PUBLICATION, DISTRIBUTION, ETC.
Date of publication, distribution, etc. 2000
490 ## - SERIES STATEMENT
Series statement Contract Journal
Volume/sequential designation 405(6297) 4 October 2000, 25(1)
520 ## - SUMMARY, ETC.
Summary, etc. Looks at the arrangements adopted by the ICE to preserve the professional functions of the engineer in the event of a dispute, in response to the Housing Grants, Construction and Regeneration Act 1996. Before the Act, the approach of the ICE's standard form agreements was that disputes should be referred in the first instance to the engineer named in the contract. With the advent of the Act, the ICE contrived an arrangement whereby disputes would not become disputes for the purposes of the Act until they had been referred to the engineer for a decision, or the appropriate time for a decision had elapsed. Before that point, differences were to be called "matters of dissatisfaction". Discusses the view held by many observers that the ICE's "matter of dissatisfaction" approach jarrs with the requirements of the Act, and suggests the ICE may have to look again at the arrangements it has adopted.
590 ## - LOCAL NOTE (RLIN)
Local note ABS
650 ## - SUBJECT ADDED ENTRY--TOPICAL TERM
Topical term or geographic name entry element ICE
650 ## - SUBJECT ADDED ENTRY--TOPICAL TERM
Topical term or geographic name entry element HOUSING GRANTS CONSTRUCTION AND REGENERATION ACT 1996
650 ## - SUBJECT ADDED ENTRY--TOPICAL TERM
Topical term or geographic name entry element MATTER OF DISSATISFACTION
650 ## - SUBJECT ADDED ENTRY--TOPICAL TERM
Topical term or geographic name entry element JOHN MOWLEM & COMPANY V HYDRA-TIGHT LTD
650 ## - SUBJECT ADDED ENTRY--TOPICAL TERM
Topical term or geographic name entry element ENGINEERS
650 ## - SUBJECT ADDED ENTRY--TOPICAL TERM
Topical term or geographic name entry element MANAGEMENT-DISPUTE AVOIDANCE, MANAGEMENT AND RESOLUTION-DISPUTE MANAGEMENT AND RESOLUTION-ALTERNATIVE DISPUTE RESOLUTION-ADJUDICATION
690 ## - LOCAL SUBJECT ADDED ENTRY--TOPICAL TERM (OCLC, RLIN)
Topical term or geographic name as entry element Dispute resolution
9 (RLIN) 6236
942 ## - ADDED ENTRY ELEMENTS (KOHA)
Suppress in OPAC 0
Holdings
Withdrawn status Lost status Source of classification or shelving scheme Damaged status Not for loan Home library Current library Shelving location Date acquired Total Checkouts Full call number Barcode Date last seen Copy number Price effective from Koha item type
    Dewey Decimal Classification     London London Journal article 17/10/2000   ABS63002 108825-1001 06/08/2019 1 06/08/2019 Journal article